000
00210 a2200097 4500
001
52560
100
_a
Dial, Joan
245
_a
Roses in Winter
260
_a
London
_b
Fontana Paper Bo
_c
090
_c
33047
_d
33047
942
_a
NUST-CAE
_c
M
_c
25611
999
_c
287633
_d
287633